<?xml version="1.0" encoding="UTF-8"?>
<record
    xmlns:xsi="http://www.w3.org/2001/XMLSchema-instance"
    xsi:schemaLocation="http://www.loc.gov/MARC21/slim http://www.loc.gov/standards/marcxml/schema/MARC21slim.xsd"
    xmlns="http://www.loc.gov/MARC21/slim">

  <leader>01294nam a22002777a 4500</leader>
  <controlfield tag="005">20090121151350.0</controlfield>
  <controlfield tag="008">090121t        xxu||||| |||| 00| 0 hin d</controlfield>
  <datafield tag="010" ind1=" " ind2=" ">
    <subfield code="a">HIN-93839</subfield>
  </datafield>
  <datafield tag="020" ind1=" " ind2=" ">
    <subfield code="c">225.00</subfield>
    <subfield code="a">9789380044682</subfield>
  </datafield>
  <datafield tag="035" ind1=" " ind2=" ">
    <subfield code="a">HN-66185</subfield>
  </datafield>
  <datafield tag="037" ind1=" " ind2=" ">
    <subfield code="b">DBAD /PUB</subfield>
  </datafield>
  <datafield tag="040" ind1=" " ind2=" ">
    <subfield code="a">DPL</subfield>
    <subfield code="b">HN</subfield>
  </datafield>
  <datafield tag="082" ind1=" " ind2=" ">
    <subfield code="a">&#x915;</subfield>
  </datafield>
  <datafield tag="100" ind1=" " ind2=" ">
    <subfield code="9">33818</subfield>
    <subfield code="a">&#x905;&#x930;&#x942;&#x923; &#x915;&#x941;&#x92E;&#x93E;&#x930; '&#x905;&#x938;&#x92B;&#x932;'</subfield>
  </datafield>
  <datafield tag="245" ind1=" " ind2=" ">
    <subfield code="a">&#x92A;&#x93E;&#x901;&#x91A; &#x915;&#x93E; &#x938;&#x93F;&#x915;&#x94D;&#x915;&#x93E;&#x903;</subfield>
    <subfield code="c">&#x905;&#x930;&#x942;&#x923; &#x915;&#x941;&#x92E;&#x93E;&#x930; '&#x905;&#x938;&#x92B;&#x932;'</subfield>
    <subfield code="b">&#x915;&#x939;&#x93E;&#x928;&#x940;-&#x938;&#x902;&#x917;&#x94D;&#x930;&#x939; /</subfield>
  </datafield>
  <datafield tag="246" ind1=" " ind2=" ">
    <subfield code="a">paanch kaa sikkaa</subfield>
    <subfield code="b">by Arun Kumar 'Asafal'</subfield>
  </datafield>
  <datafield tag="260" ind1=" " ind2=" ">
    <subfield code="a">&#x917;&#x93C;&#x93E;&#x91C;&#x93C;&#x93F;&#x92F;&#x93E;&#x92C;&#x93E;&#x926;</subfield>
    <subfield code="b">&#x905;&#x902;&#x924;&#x93F;&#x915;&#x93E; &#x92A;&#x94D;&#x930;&#x915;&#x93E;&#x936;&#x928;</subfield>
    <subfield code="c">2011</subfield>
  </datafield>
  <datafield tag="270" ind1=" " ind2=" ">
    <subfield code="a">&#x938;&#x940;-56/&#x92F;&#x942;&#x91C;&#x940;&#x90F;&#x92B;-IV, &#x936;&#x93E;&#x932;&#x940;&#x92E;&#x93E;&#x930; &#x917;&#x93E;&#x930;&#x94D;&#x921;&#x928;, &#x90F;&#x915;&#x94D;&#x938;&#x91F;&#x947;&#x902;&#x936;&#x928;-11</subfield>
    <subfield code="b">&#x917;&#x93C;&#x93E;&#x91C;&#x93C;&#x93F;&#x92F;&#x93E;&#x92C;&#x93E;&#x926; (&#x909;.&#x92A;&#x94D;&#x930;.)</subfield>
    <subfield code="e">201005</subfield>
    <subfield code="k">0120- 2648212</subfield>
    <subfield code="m">antika56@gmail.com</subfield>
  </datafield>
  <datafield tag="300" ind1=" " ind2=" ">
    <subfield code="a">144&#x92A;&#x943;.</subfield>
    <subfield code="c">22&#x938;&#x947;&#x92E;&#x940; (&#x938;&#x91C;&#x93F;&#x932;&#x94D;&#x926;)</subfield>
  </datafield>
  <datafield tag="650" ind1=" " ind2=" ">
    <subfield code="9">697</subfield>
    <subfield code="a">&#x932;&#x918;&#x941; &#x915;&#x925;&#x93E;&#x90F;&#x901;, &#x939;&#x93F;&#x928;&#x94D;&#x926;&#x940;</subfield>
  </datafield>
  <datafield tag="650" ind1=" " ind2=" ">
    <subfield code="9">33922</subfield>
    <subfield code="a">Short Stories, Hindi</subfield>
  </datafield>
  <datafield tag="700" ind1=" " ind2=" ">
    <subfield code="9">33853</subfield>
  </datafield>
  <datafield tag="700" ind1=" " ind2=" ">
    <subfield code="9">34065</subfield>
  </datafield>
  <datafield tag="942" ind1=" " ind2=" ">
    <subfield code="2">ddc</subfield>
    <subfield code="c">HN</subfield>
    <subfield code="m">&#x905;&#x930;&#x942;&#x923;</subfield>
    <subfield code="h">&#x915;</subfield>
  </datafield>
  <datafield tag="999" ind1=" " ind2=" ">
    <subfield code="c">56161</subfield>
    <subfield code="d">56161</subfield>
  </datafield>
  <datafield tag="952" ind1=" " ind2=" ">
    <subfield code="0">0</subfield>
    <subfield code="1">0</subfield>
    <subfield code="2">ddc</subfield>
    <subfield code="4">0</subfield>
    <subfield code="7">1</subfield>
    <subfield code="8">FIC</subfield>
    <subfield code="a">DBAD</subfield>
    <subfield code="b">DBAD</subfield>
    <subfield code="d">2011-09-01</subfield>
    <subfield code="e">DBAD / PUB</subfield>
    <subfield code="g">225.00</subfield>
    <subfield code="l">0</subfield>
    <subfield code="o">&#x915; &#x905;&#x930;&#x942;&#x923;</subfield>
    <subfield code="p">HN-66185</subfield>
    <subfield code="r">2011-09-01 00:00:00</subfield>
    <subfield code="t">1</subfield>
    <subfield code="v">225.00</subfield>
    <subfield code="w">2011-09-01</subfield>
    <subfield code="y">HN</subfield>
  </datafield>
</record>
